| 000 | 00453 a2200157 4500 | ||
|---|---|---|---|
| 003 | NUST | ||
| 005 | 20230222121153.0 | ||
| 040 | _cNust | ||
| 082 | _a297.4,ALH | ||
| 100 |
_a Al-Hujwírí, Data Gunj Bukhsh Ali Bin Usman ́ _9109464 |
||
| 245 |
_aKashf al-Maḥjúb / _cData Gunj Bukhsh Ali Bin Usman ́ al-Hujwírí |
||
| 260 |
_aLahore _bMuktiba Zawia _c2000 |
||
| 300 | _a591 p.; | ||
| 650 |
_aIslam and Sufism _9109463 |
||
| 942 |
_2ddc _cBK _k297.4,ALH |
||
| 999 |
_c188200 _d188200 |
||